000 00694nam a2200241Ia 4500
003 OSt
005 20220926012544.0
006 a|||||r|||| 00| 0
007 ta
008 220923b |||||||| |||| 00| 0 eng d
037 _cGeneral Book
040 _aRTL
_cRTL
_beng
041 _2eng
_aeng
082 _aT.2Or5.N5, J5
100 _aUseem John
_9132912
245 0 _aWestern - educated man in India
_b A study of his s
260 _aNew York
_bDryden Press U S A
_c1955
300 _axiii,237p.
_ccm.
650 _aEducation
700 _a Useem Ruth Hill
_9132913
942 _hT.2Or5.N5, J5
_cGB
_2CC
999 _c623535
_d623535